[Event "XXII Campeonato de España de l"]
[Site "Benidorm (Alicante-España)"]
[Date "2010.11.19"]
[Round "6"]
[White "Desanjose Candalija, Eduardo"]
[Black "Draghici Flutur, Gavril"]
[Result "1-0"]
[WhiteElo "2264"]
[BlackElo "2152"]
[PlyCount "81"]
[EventDate "2010.11.14"]
[EventRounds "8"]
[EventCountry "ESP"]

1. c4 e5 2. g3 Nf6 3. Bg2 Nc6 4. Nc3 Bc5 5. Nf3 d6 6. d3 h6 7. O-O O-O 8. a3 a6
9. b4 Ba7 10. Bb2 Be6 11. Rc1 Qd7 12. e3 Rad8 13. Nd2 Nh7 14. Nd5 f5 15. Qe2
Nf6 16. Nb3 Bf7 17. Nxf6+ gxf6 18. d4 Rde8 19. Qc2 Kh8 20. Kh1 Rg8 21. Bh3 Bg6
22. f4 Qh7 23. b5 Nd8 24. bxa6 bxa6 25. c5 h5 26. cxd6 cxd6 27. Qc7 Qe7 28.
fxe5 f4 29. exf4 Be4+ 30. Bg2 Bxg2+ 31. Kxg2 Qe6 32. Nd2 Qd5+ 33. Nf3 dxe5 34.
dxe5 Be3 35. Qc4 Qb7 36. Rc2 h4 37. exf6 Nf7 38. Qc6 Qb8 39. Qd5 Qxf4 40. Qh5+
Qh6 41. Qxf7 1-0

[Event "XXII Campeonato de España de l"]
[Site "Benidorm (Alicante-España)"]
[Date "2010.11.19"]
[Round "6"]
[White "Palacios Perez, Manuel"]
[Black "Fernandez Lago, David"]
[Result "1-0"]
[WhiteElo "2178"]
[BlackElo "2008"]
[PlyCount "71"]
[EventDate "2010.11.14"]
[EventRounds "8"]
[EventCountry "ESP"]

1. d4 d5 2. c4 dxc4 3. Nf3 c5 4. e3 cxd4 5. Bxc4 e6 6. exd4 Nf6 7. O-O Be7 8.
Nc3 O-O 9. Qe2 b6 10. Rd1 Bb7 11. a3 Nc6 12. Bf4 Na5 13. Ba2 Nd5 14. Bd2 Nxc3
15. bxc3 Rc8 16. Ne5 Rc7 17. c4 Nc6 18. Nxc6 Bxc6 19. Bb4 Re8 20. Bxe7 Rcxe7
21. Bb3 Rd7 22. Qe3 Qf6 23. d5 Ba8 24. Ba4 Rdd8 25. Bxe8 Rxe8 26. Rac1 Kf8 27.
Qd4 Qg5 28. Qd2 Qg6 29. Qb4+ Kg8 30. Qd6 h5 31. Qd7 Kf8 32. Qxa7 exd5 33. Re1
Qc6 34. cxd5 Rxe1+ 35. Rxe1 Qxd5 36. Qb8+ 1-0

[Event "XXII Campeonato de España de l"]
[Site "Benidorm (Alicante-España)"]
[Date "2010.11.19"]
[Round "6"]
[White "Zanoletty Garcia, David"]
[Black "Garcia Magadan, Ramon"]
[Result "1/2-1/2"]
[WhiteElo "1998"]
[BlackElo "2069"]
[PlyCount "60"]
[EventDate "2010.11.14"]
[EventRounds "8"]
[EventCountry "ESP"]

1. c4 e6 2. g3 d5 3. Bg2 Nf6 4. Nf3 Be7 5. d4 O-O 6. O-O dxc4 7. Qc2 a6 8. a4
Bd7 9. Rd1 Bc6 10. Nc3 a5 11. e4 Na6 12. Ne5 Nb4 13. Qe2 Nd3 14. Nxd3 cxd3 15.
Rxd3 Bb4 16. Bg5 Bxc3 17. bxc3 h6 18. Bxf6 Qxf6 19. e5 Qe7 20. Bxc6 bxc6 21.
Qe4 c5 22. d5 exd5 23. Rxd5 Rad8 24. Rad1 Rxd5 25. Qxd5 Rb8 26. f4 g6 27. c4
Qe8 28. Qxc5 Qxa4 29. Qd5 Qb3 30. Kh1 Qb7 1/2-1/2

[Event "XXII Campeonato de España de l"]
[Site "Benidorm (Alicante-España)"]
[Date "2010.11.19"]
[Round "6"]
[White "Aguilar Sevilla, Diego"]
[Black "Monmeneu Chulia, Vicente Juan"]
[Result "1/2-1/2"]
[WhiteElo "2123"]
[BlackElo "1962"]
[PlyCount "55"]
[EventDate "2010.11.14"]
[EventRounds "8"]
[EventCountry "ESP"]

1. d4 d5 2. c4 c6 3. e3 Nf6 4. Nc3 e6 5. Nf3 Nbd7 6. Bd3 Bd6 7. e4 dxe4 8. Nxe4
Nxe4 9. Bxe4 h6 10. O-O O-O 11. Bc2 e5 12. Be3 f5 13. dxe5 Nxe5 14. c5 Nxf3+
15. Qxf3 Be5 16. Bb3+ Kh8 17. Rad1 Qc7 18. Qh5 f4 19. Rd6 Bf5 20. Bd4 Bxd4 21.
Rxd4 Rad8 22. Rxd8 Qxd8 23. Rd1 Qe7 24. Rc1 Kh7 25. h3 Bg6 26. Qg4 h5 27. Qf3
Qe5 28. Qc3 1/2-1/2

[Event "XXII Campeonato de España de l"]
[Site "Benidorm (Alicante-España)"]
[Date "2010.11.19"]
[Round "6"]
[White "Rodriguez Aguilera, Aurelio"]
[Black "Fernandez Manrique, Agustin"]
[Result "0-1"]
[WhiteElo "1982"]
[BlackElo "2108"]
[PlyCount "56"]
[EventDate "2010.11.14"]
[EventRounds "8"]
[EventCountry "ESP"]

1. d4 Nf6 2. c4 g6 3. Nc3 Bg7 4. e4 d6 5. Nf3 O-O 6. Be2 e5 7. dxe5 dxe5 8.
Qxd8 Rxd8 9. Bg5 Re8 10. Nd5 Nxd5 11. cxd5 c6 12. Bc4 cxd5 13. Bxd5 Nd7 14. O-O
Nc5 15. Be3 Ne6 16. Rac1 h6 17. Nd2 Re7 18. Nc4 Nf4 19. Nd6 Ne2+ 20. Kh1 Nxc1
21. Rxc1 Be6 22. Bxe6 fxe6 23. Nc8 Rd7 24. Nxa7 Rad8 25. g3 Rd1+ 26. Rxd1 Rxd1+
27. Kg2 Rb1 28. Nb5 Bf8 0-1

[Event "XXII Campeonato de España de l"]
[Site "Benidorm (Alicante-España)"]
[Date "2010.11.19"]
[Round "6"]
[White "Olivera Gutierrez, Albert"]
[Black "Redondo Maguregui, Juan Manuel"]
[Result "1-0"]
[WhiteElo "2073"]
[BlackElo "1694"]
[PlyCount "35"]
[EventDate "2010.11.14"]
[EventRounds "8"]
[EventCountry "ESP"]

1. e4 c5 2. Nf3 e6 3. d4 cxd4 4. Nxd4 a6 5. c4 Nc6 6. a3 Nf6 7. Nc3 Bc5 8. Be3
Bb6 9. Be2 O-O 10. O-O Qc7 11. Rc1 Rd8 12. Ndb5 axb5 13. Nxb5 Qe5 14. Bxb6 Rf8
15. f3 d5 16. cxd5 exd5 17. Nc7 Qg5 18. Nxa8 1-0

[Event "XXII Campeonato de España de l"]
[Site "Benidorm (Alicante-España)"]
[Date "2010.11.19"]
[Round "6"]
[White "Rousse Mayol, Ricard"]
[Black "Clemente Llamero, Roberto"]
[Result "0-1"]
[WhiteElo "1907"]
[BlackElo "2141"]
[PlyCount "92"]
[EventDate "2010.11.14"]
[EventRounds "8"]
[EventCountry "ESP"]

1. Nf3 Nf6 2. d4 c5 3. e3 e6 4. c4 cxd4 5. exd4 d5 6. Nc3 Bb4 7. Qa4+ Nc6 8. a3
Bxc3+ 9. bxc3 O-O 10. Qc2 b6 11. Bd3 dxc4 12. Bxc4 Bb7 13. O-O Na5 14. Be2 Rc8
15. Bg5 Bxf3 16. Bxf3 Qxd4 17. cxd4 Rxc2 18. Bxf6 gxf6 19. Rfc1 Rfc8 20. Rxc2
Rxc2 21. d5 Nc4 22. Rd1 exd5 23. Bxd5 Nxa3 24. g3 b5 25. Bb3 Rb2 26. Rd8+ Kg7
27. Bd5 Rd2 28. Rd7 a5 29. Rxf7+ Kg6 30. Rd7 Kh6 31. h4 b4 32. g4 Rxd5 33. Rxd5
b3 34. g5+ fxg5 35. hxg5+ Kg6 36. Rxa5 b2 37. Ra6+ Kh5 38. Rb6 b1=Q+ 39. Rxb1
Nxb1 40. Kg2 Kxg5 41. Kg3 Nd2 42. f4+ Kh5 43. Kh3 Ne4 44. Kg2 Kg4 45. f5 Kxf5
46. Kh3 Kg5 0-1

[Event "XXII Campeonato de España de l"]
[Site "Benidorm (Alicante-España)"]
[Date "2010.11.19"]
[Round "6"]
[White "Lopez Perez, Angel L"]
[Black "Diaz Illescas, Juan Carlos"]
[Result "1/2-1/2"]
[WhiteElo "1818"]
[BlackElo "1906"]
[PlyCount "61"]
[EventDate "2010.11.14"]
[EventRounds "8"]
[EventCountry "ESP"]

1. e4 c5 2. Nf3 e6 3. d4 cxd4 4. Nxd4 Qb6 5. Nb3 Nc6 6. a3 Nf6 7. Be3 Qc7 8.
Nc3 a6 9. Be2 b5 10. f3 Be7 11. O-O O-O 12. Qd2 d6 13. Rfd1 Bb7 14. Qe1 Ne5 15.
Qf2 Ned7 16. Kh1 Nc5 17. Nd4 d5 18. exd5 Nxd5 19. Nxd5 Bxd5 20. Nf5 exf5 21.
Rxd5 Ne6 22. c3 g6 23. Rad1 Bf6 24. Rd7 Qc8 25. f4 Rd8 26. Rxd8+ Nxd8 27. Bf3
Nb7 28. Qd2 Rb8 29. Ba7 Ra8 30. Bb6 Qe8 31. Bc7 {irreproducible} 1/2-1/2

[Event "XXII Campeonato de España de l"]
[Site "Benidorm (Alicante-España)"]
[Date "2010.11.19"]
[Round "6"]
[White "Gimeno Diaz, Fernando"]
[Black "Pimienta Sanchez, Manuel"]
[Result "1/2-1/2"]
[WhiteElo "1900"]
[BlackElo "1856"]
[PlyCount "70"]
[EventDate "2010.11.14"]
[EventRounds "8"]
[EventCountry "ESP"]

1. d4 Nf6 2. Nf3 b6 3. g3 Bb7 4. Bg2 e6 5. O-O Be7 6. c4 O-O 7. Nc3 d6 8. Qd3
Nbd7 9. b3 c5 10. Ba3 h6 11. Rad1 a6 12. Qc2 Qc7 13. Ne1 Rfd8 14. Bxb7 Qxb7 15.
Ng2 e5 16. d5 b5 17. Bc1 bxc4 18. bxc4 Nb6 19. Ne4 Qd7 20. Nxf6+ Bxf6 21. Ne3
Bg5 22. Nf5 Bf6 23. f4 Qa4 24. Qb3 Rab8 25. fxe5 Qxb3 26. axb3 dxe5 27. Nxh6+
Kf8 28. Ng4 Nd7 29. Nxf6 Nxf6 30. Rf3 Rb7 31. Ba3 Nd7 32. Rdf1 f6 33. g4 Rdb8
34. g5 Kf7 35. gxf6 gxf6 1/2-1/2

[Event "XXII Campeonato de España de l"]
[Site "Benidorm (Alicante-España)"]
[Date "2010.11.19"]
[Round "6"]
[White "Septien Lopez, Valeriano"]
[Black "Garcia Cervigon, Cecilio"]
[Result "1-0"]
[WhiteElo "1876"]
[BlackElo "1820"]
[PlyCount "83"]
[EventDate "2010.11.14"]
[EventRounds "8"]
[EventCountry "ESP"]

1. e4 c6 2. Nc3 d5 3. Nf3 dxe4 4. Nxe4 Bf5 5. Ng3 Bg6 6. h4 h6 7. Ne5 Bh7 8.
Qh5 g6 9. Bc4 e6 10. Qf3 Qf6 11. d4 Qxf3 12. Nxf3 Nf6 13. c3 Bd6 14. Bxh6 Nbd7
15. Bg5 Nd5 16. Ne4 Be7 17. Bd2 f6 18. Bb3 Kf7 19. c4 Nc7 20. Nc3 Kg7 21. O-O-O
Bg8 22. Bf4 Rc8 23. Ne4 Ne8 24. Rhe1 Bf7 25. Bg3 Rh5 26. Kb1 Nb6 27. Nc3 Bb4
28. a3 Bf8 29. Na4 Nd7 30. Nc3 Nb6 31. Nd2 Rd8 32. Nde4 Rd7 33. f3 Nc8 34. c5
Nc7 35. Bf2 Rh8 36. g4 Be7 37. Bg3 Rhd8 38. g5 Ne8 39. gxf6+ Bxf6 40. Nxf6 Nxf6
41. Be5 Ne7 42. Ne4 1-0

[Event "XXII Campeonato de España de l"]
[Site "Benidorm (Alicante-España)"]
[Date "2010.11.19"]
[Round "6"]
[White "Martinez Colomar, Alejandro"]
[Black "Rubio Mancebon, Pedro Jose"]
[Result "0-1"]
[WhiteElo "1790"]
[BlackElo "1875"]
[PlyCount "52"]
[EventDate "2010.11.14"]
[EventRounds "8"]
[EventCountry "ESP"]

1. c4 f5 2. g3 Nf6 3. Bg2 e6 4. Nc3 Be7 5. Nf3 O-O 6. O-O d6 7. d3 Nc6 8. h3
Qe8 9. Be3 e5 10. Rc1 Qh5 11. Qd2 f4 12. gxf4 Bxh3 13. fxe5 dxe5 14. Bxh3 Qxh3
15. Ng5 Qg4+ 16. Kh1 Qh4+ 17. Kg2 Ng4 18. Nh3 Rf5 19. Ne4 Raf8 20. f3 Nxe3+ 21.
Qxe3 R8f6 22. Qf2 Rg6+ 23. Ng3 Bc5 24. Qe1 Be3 25. Rc2 Bf4 26. Nxf4 exf4 0-1

[Event "XXII Campeonato de España de l"]
[Site "Benidorm (Alicante-España)"]
[Date "2010.11.19"]
[Round "6"]
[White "Menendez Solar, Jose Carlos"]
[Black "Fuster Agullo, Juan"]
[Result "0-1"]
[WhiteElo "1888"]
[BlackElo "1799"]
[PlyCount "72"]
[EventDate "2010.11.14"]
[EventRounds "8"]
[EventCountry "ESP"]

1. d4 Nf6 2. c4 d6 3. Nc3 g6 4. e4 Nbd7 5. Nf3 Bg7 6. Be2 O-O 7. O-O Re8 8. e5
dxe5 9. dxe5 Ng4 10. e6 Nde5 11. exf7+ Nxf7 12. Qb3 c5 13. Rd1 Qc7 14. h3 Nf6
15. Be3 Bd7 16. Rd2 Rad8 17. Nb5 Bxb5 18. Qxb5 Rxd2 19. Nxd2 Rd8 20. Rd1 b6 21.
Qb3 Bh6 22. Bxh6 Nxh6 23. Bd3 Nf7 24. Qc2 Kg7 25. Nf3 Qf4 26. Re1 e5 27. Be4
Nd6 28. Bd5 e4 29. Nh2 Re8 30. Qc3 Qe5 31. Qxe5 Rxe5 32. f4 Re7 33. Nf3 Nh5 34.
g3 Nxg3 35. Kh2 Nh5 36. Ne5 Nxf4 0-1

[Event "XXII Campeonato de España de l"]
[Site "Benidorm (Alicante-España)"]
[Date "2010.11.19"]
[Round "6"]
[White "Ariste Justo, Jesus Angel"]
[Black "Sanchez Ruiz, Justo"]
[Result "0-1"]
[WhiteElo "1875"]
[BlackElo "1772"]
[PlyCount "50"]
[EventDate "2010.11.14"]
[EventRounds "8"]
[EventCountry "ESP"]

1. d4 e6 2. c4 f5 3. g3 Nf6 4. Bg2 Be7 5. Nh3 O-O 6. O-O d6 7. Nc3 c6 8. Qc2 a5
9. b3 Na6 10. a3 e5 11. e3 Bd7 12. dxe5 dxe5 13. Bb2 Qc7 14. Kh1 Nc5 15. Rad1
Rad8 16. Ng1 f4 17. exf4 exf4 18. Nge2 Bd6 19. Rd2 Bg4 20. gxf4 Bxf4 21. Rxd8
Rxd8 22. Nxf4 Qxf4 23. Bc1 Qe5 24. Be3 Bf5 25. Qb2 Ng4 0-1

[Event "XXII Campeonato de España de l"]
[Site "Benidorm (Alicante-España)"]
[Date "2010.11.19"]
[Round "6"]
[White "Sanchez Ruiz, Piedad Esmeralda"]
[Black "Llaneras Henarejos, Miguel"]
[Result "0-1"]
[WhiteElo "1861"]
[BlackElo "1687"]
[PlyCount "38"]
[EventDate "2010.11.14"]
[EventRounds "8"]
[EventCountry "ESP"]

1. e4 d6 2. d4 g6 3. f4 Nf6 4. Nc3 Bg7 5. Nf3 c5 6. Bb5+ Bd7 7. e5 Ng4 8. h3
Nh6 9. Bxd7+ Nxd7 10. d5 Qa5 11. O-O Nf5 12. Re1 O-O 13. Qd3 Qb6 14. Qb5 Qc7
15. Bd2 dxe5 16. fxe5 Nxe5 17. Nxe5 Bxe5 18. Ne4 a6 19. Qxc5 Bd4+ 0-1

[Event "XXII Campeonato de España de l"]
[Site "Benidorm (Alicante-España)"]
[Date "2010.11.19"]
[Round "6"]
[White "Lago Carballo, Carmen"]
[Black "Garcia Cervigon, Juan Pablo"]
[Result "0-1"]
[WhiteElo "1416"]
[BlackElo "1795"]
[PlyCount "116"]
[EventDate "2010.11.14"]
[EventRounds "8"]
[EventCountry "ESP"]

1. e4 c6 2. d4 d5 3. e5 Bf5 4. Nf3 e6 5. Nc3 Bb4 6. Bd2 Ne7 7. Nh4 Bg6 8. Nxg6
hxg6 9. Ne2 Bxd2+ 10. Qxd2 Nd7 11. c3 c5 12. Ng3 Nc6 13. Bb5 Rc8 14. Ne2 c4 15.
Ba4 Rh5 16. Bc2 Ne7 17. Nf4 Rh8 18. Nh3 Nf5 19. Ng5 Qe7 20. Nf3 Kd8 21. a4 Nh4
22. Nxh4 Qxh4 23. a5 Qh6 24. Qd1 Qf4 25. Ba4 Rxh2 26. Rxh2 Qxh2 27. Bxd7 Qh1+
28. Ke2 Qxd1+ 29. Rxd1 Kxd7 30. Rb1 f6 31. f4 g5 32. g3 gxf4 33. gxf4 Rh8 34.
b3 Rh2+ 35. Ke3 cxb3 36. Rxb3 Kc7 37. Rb1 Rh3+ 38. Kd2 fxe5 39. fxe5 Rf3 40.
Rg1 Rf7 41. Kd3 Kc6 42. Rg6 Re7 43. c4 b6 44. cxd5+ Kxd5 45. axb6 axb6 46. Rg2
Rc7 47. Rb2 Kc6 48. Ke4 b5 49. Rd2 b4 50. d5+ exd5+ 51. Rxd5 b3 52. Rd1 b2 53.
Rb1 Rb7 54. Kf5 Kd7 55. e6+ Ke7 56. Kg6 Kxe6 57. Rxb2 Rxb2 58. Kxg7 Rb5 0-1

[Event "XXII Campeonato de España de l"]
[Site "Benidorm (Alicante-España)"]
[Date "2010.11.19"]
[Round "6"]
[White "Mejias Gonzalez, Javier"]
[Black "Barroso Vilanova, Daniel"]
[Result "1-0"]
[WhiteElo "1941"]
[BlackElo "1570"]
[PlyCount "111"]
[EventDate "2010.11.14"]
[EventRounds "8"]
[EventCountry "ESP"]

1. e4 e5 2. Nf3 Nc6 3. d4 exd4 4. Bc4 Nf6 5. O-O Bc5 6. Bg5 h6 7. Bh4 Be7 8.
Re1 O-O 9. Nxd4 Ne5 10. Bb3 d6 11. Nc3 c6 12. f4 Bg4 13. Qd2 Ng6 14. Bf2 Nh5
15. f5 Ngf4 16. Nde2 Nxe2+ 17. Nxe2 Bg5 18. Be3 Bxe3+ 19. Qxe3 Bxe2 20. Rxe2
Nf6 21. Rd1 Re8 22. Qf3 Qb6+ 23. Kf1 Re7 24. Rxd6 Qb4 25. Qd3 Rae8 26. c3 Qc5
27. Rd8 Qe5 28. Rxe8+ Rxe8 29. Qc4 Qf4+ 30. Kg1 Re7 31. e5 Qc1+ 32. Kf2 Nd5 33.
Qd4 Qg5 34. Bxd5 cxd5 35. g4 h5 36. Kg3 hxg4 37. Qxg4 Qc1 38. Kf2 Kf8 39. h4
Rc7 40. Qg5 Qxg5 41. hxg5 Rc4 42. Kf3 Ke7 43. Rd2 g6 44. fxg6 fxg6 45. Rxd5 Ke6
46. Rd6+ Kf5 47. Rf6+ Kxg5 48. Rf7 Ra4 49. Rxb7 Rxa2 50. Ke4 Ra4+ 51. Kd5 Ra5+
52. Kd6 Ra6+ 53. Kd7 Kf5 54. Rb5 Rb6 55. Rxb6 axb6 56. e6 1-0

[Event "XXII Campeonato de España de l"]
[Site "Benidorm (Alicante-España)"]
[Date "2010.11.19"]
[Round "6"]
[White "Martinez Perez, Carlos"]
[Black "Espadina Solano, Jaime E"]
[Result "0-1"]
[WhiteElo "1619"]
[BlackElo "1895"]
[PlyCount "28"]
[EventDate "2010.11.14"]
[EventRounds "8"]
[EventCountry "ESP"]

1. e4 e5 2. d4 exd4 3. Qxd4 Nc6 4. Qe3 Nf6 5. Nc3 Bb4 6. Bd2 O-O 7. O-O-O Re8
8. Bc4 Ne5 9. Bb3 c6 10. f3 d5 11. Qf2 dxe4 12. Bg5 Qe7 13. Nxe4 Nxe4 14. fxe4
Qxg5+ 0-1

[Event "XXII Campeonato de España de l"]
[Site "Benidorm (Alicante-España)"]
[Date "2010.11.19"]
[Round "6"]
[White "Gamiz Campana, Francisco Javier"]
[Black "Carrazzoni Roman, Carlos"]
[Result "1/2-1/2"]
[WhiteElo "1742"]
[BlackElo "1769"]
[PlyCount "101"]
[EventDate "2010.11.14"]
[EventRounds "8"]
[EventCountry "ESP"]

1. e4 e5 2. Nf3 Nf6 3. Bc4 Be7 4. Nxe5 O-O 5. d3 d5 6. exd5 Nxd5 7. Nf3 Bb4+ 8.
Bd2 Re8+ 9. Kf1 Bc5 10. d4 Be7 11. Nc3 Nb6 12. Bb3 Bg4 13. Bxf7+ Kxf7 14. Ne5+
Kg8 15. Qxg4 Bf6 16. Nf3 Nc6 17. Be3 Nc4 18. Qf4 Nxe3+ 19. fxe3 a6 20. Kf2 Nb4
21. Rac1 c5 22. a3 Nd5 23. Nxd5 Qxd5 24. c4 Qd7 25. d5 Bxb2 26. Rcd1 Rf8 27.
Qg3 Bxa3 28. Rhe1 Bb4 29. Re2 b5 30. cxb5 axb5 31. d6 c4 32. Kg1 Bc3 33. Qg5
Rae8 34. Qd5+ Kh8 35. e4 h6 36. e5 Re6 37. Nd4 Bxd4+ 38. Qxd4 Rfe8 39. Ra2 Qc6
40. Ra7 Rg6 41. g3 c3 42. Rc1 c2 43. Re7 h5 44. e6 Rg4 45. Qe5 Qb6+ 46. Kg2 Rc4
47. Qe2 Qxd6 48. Rd7 Qc6+ 49. Kh3 Rc5 50. Qd3 Qxe6+ 51. Kg2 {irreproducible}
1/2-1/2

[Event "XXII Campeonato de España de l"]
[Site "Benidorm (Alicante-España)"]
[Date "2010.11.19"]
[Round "6"]
[White "Amores Cano, Victor"]
[Black "Salas Rasillas, Concepcion"]
[Result "1/2-1/2"]
[WhiteElo "1777"]
[BlackElo "1825"]
[PlyCount "41"]
[EventDate "2010.11.14"]
[EventRounds "8"]
[EventCountry "ESP"]

1. e4 c5 2. Nc3 e6 3. Bc4 Qc7 4. d3 a6 5. a4 Nf6 6. f4 d6 7. Nf3 Nc6 8. O-O Be7
9. Qe1 O-O 10. Nh4 Qd8 11. Nf3 d5 12. exd5 exd5 13. Bb3 h6 14. Kh1 b6 15. Ne5
Bb7 16. Nxc6 Bxc6 17. Ne2 d4 18. Ng3 Nd5 19. Nf5 Bf6 20. Qe2 Qe8 21. Ng3
1/2-1/2

[Event "XXII Campeonato de España de l"]
[Site "Benidorm (Alicante-España)"]
[Date "2010.11.19"]
[Round "6"]
[White "Gutierrez Garcia, Julio"]
[Black "Suarez Hernandez, Francisco"]
[Result "1-0"]
[WhiteElo "1654"]
[BlackElo "1658"]
[PlyCount "39"]
[EventDate "2010.11.14"]
[EventRounds "8"]
[EventCountry "ESP"]

1. c4 e5 2. Nc3 Nf6 3. Nf3 Nc6 4. d3 d5 5. cxd5 Nxd5 6. a3 g6 7. e4 Nxc3 8.
bxc3 Be6 9. Rb1 Rb8 10. Be2 Bg7 11. O-O O-O 12. Be3 f5 13. Ng5 Bd7 14. Qb3+ Kh8
15. Nf7+ Rxf7 16. Qxf7 fxe4 17. dxe4 a6 18. Rfd1 Ne7 19. Bg5 Bf8 20. Bf6+ 1-0

[Event "XXII Campeonato de España de l"]
[Site "Benidorm (Alicante-España)"]
[Date "2010.11.19"]
[Round "6"]
[White "Sanz Garcia, Ramon"]
[Black "Bravo De Los Santos, Francisco"]
[Result "0-1"]
[WhiteElo "1628"]
[BlackElo "1877"]
[PlyCount "62"]
[EventDate "2010.11.14"]
[EventRounds "8"]
[EventCountry "ESP"]

1. e4 c5 2. c3 d5 3. exd5 Qxd5 4. d4 Nf6 5. Nf3 Bg4 6. Be2 e6 7. O-O Nc6 8. h3
Bh5 9. Be3 cxd4 10. Nxd4 Bxe2 11. Qxe2 Nxd4 12. Bxd4 Be7 13. Rd1 Qc6 14. c4 O-O
15. Nc3 Rfd8 16. b3 a6 17. Rac1 Rac8 18. Qe3 h6 19. Rd3 b5 20. cxb5 axb5 21.
Ne2 Qe4 22. Rxc8 Rxc8 23. Qxe4 Nxe4 24. Be3 Rc2 25. Nd4 Rxa2 26. Nxb5 Nc5 27.
Rc3 Ne4 28. Rd3 Ra1+ 29. Kh2 Rf1 30. Bb6 Nxf2 31. Nc3 Nxd3 0-1

[Event "XXII Campeonato de España de l"]
[Site "Benidorm (Alicante-España)"]
[Date "2010.11.20"]
[Round "7"]
[White "Desanjose Candalija, Eduardo"]
[Black "Palacios Perez, Manuel"]
[Result "1/2-1/2"]
[WhiteElo "2264"]
[BlackElo "2178"]
[PlyCount "56"]
[EventDate "2010.11.14"]
[EventRounds "8"]
[EventCountry "ESP"]

1. c4 Nf6 2. g3 c6 3. Bg2 d5 4. Nf3 g6 5. b3 Bg7 6. Bb2 Bg4 7. d3 Bxf3 8. Bxf3
O-O 9. O-O e6 10. Nd2 Ne8 11. Qc2 Bxb2 12. Qxb2 Nd7 13. Bg2 Qf6 14. d4 Nd6 15.
Rad1 Nf5 16. Nf3 h5 17. Ne5 Nxd4 18. Qxd4 Qxe5 19. cxd5 Qxd4 20. Rxd4 cxd5 21.
e4 Rac8 22. exd5 e5 23. Ra4 a6 24. d6 Nc5 25. d7 Rcd8 26. Rc4 b6 27. b4 Nxd7
28. Rc6 Rfe8 1/2-1/2

[Event "XXII Campeonato de España de l"]
[Site "Benidorm (Alicante-España)"]
[Date "2010.11.20"]
[Round "7"]
[White "Draghici Flutur, Gavril"]
[Black "Olivera Gutierrez, Albert"]
[Result "1/2-1/2"]
[WhiteElo "2152"]
[BlackElo "2073"]
[PlyCount "22"]
[EventDate "2010.11.14"]
[EventRounds "8"]
[EventCountry "ESP"]

1. e4 e5 2. d4 d5 3. exd5 exd4 4. Bd3 Bd6 5. Ne2 Ne7 6. Bf4 c6 7. O-O O-O 8. c3
Bf5 9. Qc2 Bxd3 10. Qxd3 Ng6 11. Bxd6 Qxd6 1/2-1/2

[Event "XXII Campeonato de España de l"]
[Site "Benidorm (Alicante-España)"]
[Date "2010.11.20"]
[Round "7"]
[White "Fernandez Manrique, Agustin"]
[Black "Zanoletty Garcia, David"]
[Result "1-0"]
[WhiteElo "2108"]
[BlackElo "1998"]
[PlyCount "61"]
[EventDate "2010.11.14"]
[EventRounds "8"]
[EventCountry "ESP"]

1. c4 e6 2. g3 d5 3. Bg2 Nf6 4. Nf3 Nbd7 5. O-O c6 6. Qc2 Be7 7. d4 O-O 8. b3
Ne4 9. Ba3 f5 10. Bxe7 Qxe7 11. e3 Ndf6 12. Ne5 a5 13. Nc3 Nxc3 14. Qxc3 Bd7
15. f3 Rfd8 16. c5 Be8 17. a3 Ra7 18. Rf2 Rda8 19. Re1 Qc7 20. e4 b6 21. exf5
exf5 22. Nd3 b5 23. Rfe2 Qf7 24. Qd2 Qh5 25. Qf4 g5 26. Qxf5 Bg6 27. Qe6+ Kg7
28. Ne5 Re8 29. Qxc6 Rae7 30. Qxb5 g4 31. Nxg4 1-0

[Event "XXII Campeonato de España de l"]
[Site "Benidorm (Alicante-España)"]
[Date "2010.11.20"]
[Round "7"]
[White "Garcia Magadan, Ramon"]
[Black "Fernandez Lago, David"]
[Result "1-0"]
[WhiteElo "2069"]
[BlackElo "2008"]
[PlyCount "43"]
[EventDate "2010.11.14"]
[EventRounds "8"]
[EventCountry "ESP"]

1. e4 d6 2. d4 Nf6 3. Nc3 Nbd7 4. Nf3 e5 5. dxe5 dxe5 6. Bc4 Bb4 7. O-O O-O 8.
Bg5 c6 9. a3 Bxc3 10. bxc3 Qa5 11. Qe2 Qxc3 12. Bb3 Nc5 13. Bd2 Qb2 14. Rfb1
Qxa1 15. Rxa1 Nfxe4 16. Bb4 a5 17. Bxc5 Nxc5 18. Qxe5 Nxb3 19. cxb3 Be6 20. Ng5
Bxb3 21. Qf5 g6 22. Qh3 1-0

[Event "XXII Campeonato de España de l"]
[Site "Benidorm (Alicante-España)"]
[Date "2010.11.20"]
[Round "7"]
[White "Clemente Llamero, Roberto"]
[Black "Aguilar Sevilla, Diego"]
[Result "1-0"]
[WhiteElo "2141"]
[BlackElo "2123"]
[PlyCount "77"]
[EventDate "2010.11.14"]
[EventRounds "8"]
[EventCountry "ESP"]

1. e4 e5 2. Nf3 Nc6 3. Bb5 a6 4. Ba4 Nf6 5. O-O Be7 6. Re1 b5 7. Bb3 d6 8. c3
O-O 9. h3 Na5 10. Bc2 c5 11. d4 Nd7 12. Nbd2 cxd4 13. cxd4 Nc6 14. d5 Nb4 15.
Bb1 a5 16. a3 Na6 17. b4 Nb6 18. Qb3 Na4 19. Nf1 axb4 20. axb4 Bd7 21. Bd2 Rc8
22. Bd3 Nc7 23. Rec1 Ne8 24. Rxc8 Qxc8 25. Rc1 Qb8 26. Qc2 Bd8 27. Be3 g6 28.
N3d2 f5 29. f3 f4 30. Bf2 h5 31. Nb3 Bb6 32. Na5 Nf6 33. Nc6 Qb7 34. Kh1 Bxf2
35. Qxf2 g5 36. Nh2 Kf7 37. Qe2 g4 38. Bxb5 Qa8 39. Ra1 1-0

[Event "XXII Campeonato de España de l"]
[Site "Benidorm (Alicante-España)"]
[Date "2010.11.20"]
[Round "7"]
[White "Monmeneu Chulia, Vicente Juan"]
[Black "Septien Lopez, Valeriano"]
[Result "1/2-1/2"]
[WhiteElo "1962"]
[BlackElo "1876"]
[PlyCount "22"]
[EventDate "2010.11.14"]
[EventRounds "8"]
[EventCountry "ESP"]

1. e4 c5 2. Nc3 a6 3. g3 b5 4. Bg2 Bb7 5. Nh3 e6 6. a3 Be7 7. O-O h5 8. f4 d6
9. d3 Qb6 10. Be3 Nf6 11. Kh1 Ng4 1/2-1/2

[Event "XXII Campeonato de España de l"]
[Site "Benidorm (Alicante-España)"]
[Date "2010.11.20"]
[Round "7"]
[White "Pimienta Sanchez, Manuel"]
[Black "Rodriguez Aguilera, Aurelio"]
[Result "1-0"]
[WhiteElo "1856"]
[BlackElo "1982"]
[PlyCount "87"]
[EventDate "2010.11.14"]
[EventRounds "8"]
[EventCountry "ESP"]

1. d4 d5 2. e3 Nf6 3. Bd3 Bg4 4. Ne2 Nbd7 5. f4 Ne4 6. O-O e6 7. Qe1 Be7 8.
Bxe4 dxe4 9. Nd2 f5 10. Nb3 O-O 11. Na5 c5 12. Nc4 Bxe2 13. Qxe2 cxd4 14. exd4
Nb6 15. c3 Qc7 16. Nxb6 Qxb6 17. Be3 Qc6 18. Kh1 a6 19. Rg1 b5 20. a3 Rac8 21.
Rac1 Rfd8 22. Rc2 Bf6 23. Rgc1 Qb7 24. h3 a5 25. Qf2 Rd7 26. Kh2 Rcd8 27. Rd2
b4 28. axb4 axb4 29. c4 Ra8 30. c5 Qb5 31. Qf1 Qxf1 32. Rxf1 Kf7 33. Rc1 Ke7
34. Rc4 Rb7 35. g4 g6 36. g5 Bg7 37. Kg3 Rb5 38. h4 Kd7 39. d5 exd5 40. Rxd5+
Ke7 41. Rd2 b3 42. c6 Rc8 43. Rd7+ Kf8 44. c7 1-0